Statistics for Name a Valid U.S. State by Interstate Highway

Click here to take the quiz!

General Stats

  • This quiz has been taken 39 times
  • The average score is 38 of 65

Answer Stats

InterstateStates% Correct
I-10Alabama | Arizona | California | Florida | Louisiana | Mississippi | New Mexico | Texas
89%
I-5California | Oregon | Washington
89%
I-8Arizona | California
83%
I-4Florida
83%
I-2Texas
83%
I-20Alabama | Georgia | Louisiana | Mississippi | South Carolina | Texas
81%
I-15Arizona | California | Idaho | Montana | Nevada | Utah
81%
I-40Arizona | Arkansas | California | New Mexico | North Carolina | Oklahoma | Tennessee | Texas
78%
I-80California | Illinois | Indiana | Iowa | Nebraska | Nevada | New Jersey | Ohio | Pennsylvania | Utah | Wyoming
75%
I-95Connecticut | Delaware | Florida | Georgia | Maine | Maryland | Massachusetts | New Hampshire | New Jersey | New York | North Carolina | Pennsylvania | Rhode Island | South Carolina | Virginia
75%
I-90Idaho | Illinois | Massachusetts | Minnesota | Montana | New York | Ohio | Pennsylvania | South Dakota | Washington | Wisconsin | Wyoming
75%
I-35Iowa | Kansas | Minnesota | Missouri | Oklahoma | Texas
75%
I-30Arkansas | Texas
69%
I-70Colorado | Illinois | Indiana | Kansas | Maryland | Missouri | Ohio | Pennsylvania | Utah | West Virginia
69%
I-14Texas
69%
I-17Arizona
67%
I-55Arkansas | Louisiana | Illinois | Mississippi | Missouri | Tennessee
67%
I-76Colorado | Nebraska | New Jersey | Ohio | Pennsylvania
67%
I-84Connecticut | Idaho | Massachusetts | New York | Oregon | Pennsylvania | Utah
67%
I-27Texas
67%
I-11Nevada
64%
I-37Texas
64%
I-25Colorado | New Mexico | Wyoming
61%
I-75Florida | Georgia | Kentucky | Michigan | Ohio | Tennessee
61%
I-74Illinois | Indiana | Iowa | North Carolina | Ohio
61%
I-44Missouri | Oklahoma | Texas
61%
I-99New York | Pennsylvania
61%
I-77North Carolina | Ohio | South Carolina | Virginia | West Virginia
61%
I-45Texas
61%
I-65Alabama | Indiana | Kentucky | Tennessee
58%
I-16Georgia
58%
I-94Illinois | Indiana | Michigan | Minnesota | Montana | North Dakota | Wisconsin
58%
I-69Indiana | Kentucky | Michigan | Mississippi | Tennessee | Texas
58%
I-81Maryland | New York | Pennsylvania | Tennessee | Virginia | West Virginia
58%
I-85Alabama | Georgia | North Carolina | South Carolina | Virginia
56%
I-86Idaho | New York | Pennsylvania
56%
I-64Illinois | Indiana | Kentucky | Missouri | Virginia | West Virginia
56%
I-57Illinois | Missouri
56%
I-88Illinois | New York
56%
I-12Louisiana
56%
I-87New York | North Carolina
56%
I-19Arizona
53%
I-24Georgia | Illinois | Kentucky | Tennessee
53%
I-41Illinois | Wisconsin
53%
I-71Kentucky | Ohio
53%
I-78New Jersey | New York | Pennsylvania
53%
I-49Arkansas | Louisiana | Missouri
50%
I-39Illinois | Wisconsin
50%
I-26North Carolina | South Carolina | Tennessee
50%
I-72Illinois | Missouri
47%
I-29Iowa | Missouri | North Dakota | South Dakota
47%
I-93Massachusetts | New Hampshire | Vermont
47%
I-91Connecticut | Massachusetts | Vermont
44%
I-83Maryland | Pennsylvania
44%
I-89New Hampshire | Vermont
44%
I-79Pennsylvania | West Virginia
44%
I-66Virginia
44%
I-43Wisconsin
44%
I-59Alabama | Georgia | Louisiana | Mississippi
42%
I-22Alabama | Mississippi
42%
I-82Oregon | Washington
42%
I-97Maryland
36%
I-96Michigan
36%
I-68Maryland | West Virginia
33%
I-73North Carolina
31%

Score Distribution

Percentile by Number Answered

Percent of People with Each Score

Your Score History

You have not taken this quiz